banner-ar

علم الجمال فى رياض الاطفال / (Record no. 67140)

MARC details
000 -الفاتح
حقل البيانات ثابتة الطول 01305nam a2200313Ia 4500
005 - وقت وتاريخ اخر تعامل مع التسجيلة
رقم الضبط 20240530110959.0
008 - عناصر البيانات ثابتة الطول - معلومات عامة
حقل البيانات ثابتة الطول 140319s2022 ua g b 000 0 ara d
017 ## - رقم الايداع القانونى
رقم الايداع القانونى 2021/29915
المصدر ( الهيئة المختصة) مصر. دار الكتب
020 ## - الرقم الدولى المعيارى للكتب
الرقم الدولى المعيارى للكتاب 9789778603194
040 ## - مصدر الفهرسة
وكالة الفهرسة الأصلية GCL /
وكالة النسخ GCL
082 04 - رقم تصنيف ديوى العشرى
رقم الطبعة 21
رقم التصنيف 372.218
رقم المادة وع
100 0# - المدخل الرئيسى - إسم شخصى
الإسم الشخصى وحيد حامد عبدالرشيد
245 10 - بيان العنوان
العنوان علم الجمال فى رياض الاطفال /
بيان المسئوليه,etc اعداد وحيد حامد عبدالرشيد، ماجد فتحى سليم، اسمهان فتحى سعد
250 ## - بيان الطبعة
بيان الطبعة الاولى
260 ## - PUBLICATION, DISTRIBUTION, ETC. (IMPRINT)
تاريخ النشر أو التوزيع 2022
300 ## - الوصف المادى
التعداد 195 ص ؛
أبعاد الوعاء 24 سم
504 ## - تبصرة ببليوجرافية
تبصرة ببليوجرافية,الخ يشتمل على ارجاعات ببليوجرافية
650 07 - المدخل الاضافى بالموضوع-مصطلح موضوعى
مصدر الرأس أو المصطلح qrmak
مصطلح موضوعي رياض الاطفال
650 07 - المدخل الاضافى بالموضوع-مصطلح موضوعى
مصدر الرأس أو المصطلح qrmak
مصطلح موضوعي مدارس الحضانة
650 07 - المدخل الاضافى بالموضوع-مصطلح موضوعى
مصدر الرأس أو المصطلح qrmak
مصطلح موضوعي التعليم الابتدائى
650 07 - المدخل الاضافى بالموضوع-مصطلح موضوعى
مصدر الرأس أو المصطلح qrmak
مصطلح موضوعي الاطفال
التقسيم الفرعي العام علم نفس
650 07 - المدخل الاضافى بالموضوع-مصطلح موضوعى
مصدر الرأس أو المصطلح qrmak
مصطلح موضوعي تعليم الاطفال
التقسيم الفرعي العام اغراضه واهدافه
650 07 - المدخل الاضافى بالموضوع-مصطلح موضوعى
مصدر الرأس أو المصطلح qrmak
مصطلح موضوعي علم النفس الجمالى
650 07 - المدخل الاضافى بالموضوع-مصطلح موضوعى
مصدر الرأس أو المصطلح qrmak
مصطلح موضوعي الجمال
التقسيم الفرعي العام علم
700 0# - المدخل الاضافى - اسم شخصى
الإسم الشخصى ماجد فتحى سليم
الدور معد
700 0# - المدخل الاضافى - اسم شخصى
الإسم الشخصى اسمهان فتحى سعد
الدور معد
942 ## - عناصر المدخل الإضافي( كوها)
مصدر التصنيف او مخطط الترفيف Dewey Decimal Classification
Koha [default] item type كتاب
260 ## - PUBLICATION, DISTRIBUTION, ETC. (IMPRINT)
-- القاهرة :
-- المركز الاكاديمى العربى،
Holdings
حالة التراجع حالة الفقد حالة تلف ليس للاعارة المكان المؤقت الموقع الحالى موقع الترفيف تاريخ الاكتساب اجمالي اﻻعارات رقم الطلب الباركود تاريخ اخر مشاهدة تاريخ تفعيل السعر نوع وعاء كوها
        مكتبة القاهرة الكبرى مكتبة القاهرة الكبرى ق الرئيسية_العلوم الاجتماعية_ك عربى 01/15/2023   372.218 وع 169176 01/15/2023 01/15/2023 كتاب

Powered By

EGPV